Automobile. motocycle et cycle; rapport du Comité

Kaydedildi:
Detaylı Bibliyografya
Materyal Türü: Kitap
Dil:Undetermined
Baskı/Yayın Bilgisi: Paris Documentation française 1971
Konular:
Etiketler: Etiketle
Etiket eklenmemiş, İlk siz ekleyin!
Thư viện lưu trữ: Trung tâm Học liệu Trường Đại học Cần Thơ
LEADER 00535nam a2200181Ia 4500
001 CTU_86753
008 210402s9999 xx 000 0 und d
082 |a 338.4 
082 |b A939 
245 0 |a Automobile. motocycle et cycle; rapport du Comité 
245 0 |c France. Comité Automobile, motocycle et cycle 
260 |a Paris 
260 |b Documentation française 
260 |c 1971 
650 |a Automobile industry and trade 
650 |z France 
904 |i Năm 
980 |a Trung tâm Học liệu Trường Đại học Cần Thơ